000 00993cab a2200241 4500
001 WB2818-37
008 090401t1992 xxu||||| |||| 00| 0 eng d
035 _a(Sirsi) u749
041 _aeng
245 _aRecreation land gift not charitable
260 _c1992
350 _a0
490 _aTimes
_v1 May 1992, 10(1)
520 _aIn "Liverpool CC v Attorney-general" ChD 15 April 1992, it was held that a gift of land to a local authority for use as a `recreation ground and for no other purpose` did not create a charitable trust requiring the authority to maintain the land for recreational purposes in perpetuity in the absence of any of the formalities applicable to the transfer of land to be held on charitable trust.
650 _aALLERTON HALL GARDENS ESTATES
650 _aCHARITABLE TRUSTS
650 _aGIFT OF LAND
650 _aRECREATIONAL PURPOSES
650 _aTRANSFER OF LAND
690 _aPROPERTY LAW AND PRACTICE-CASE LAW
942 _n0
948 _c04/03/1997
999 _c396
_d396